00769nam a2200241 a 4500001001300000003000900013005001700022008004100039020002300080082001600103100001700119245007900136260004500215300000900260500003500269505001000304650003500314700001700349902000800366942000700374952012900381999001700510nice12345678IN_TiNIC20260116013327.0050524s1997 dela grp 000 0 eng  a8185574 c25000a291.22bVIN aVineeth, V F aSelf and Salvation in Hinduism and Christianityb Inter-Religious Approach aDelhibIntercultural Publications c1997 a247p aincludes index and biblioraphy2 aIndex aComparative Religion-Salvation1 aVineeth, V F bSRS cBK 001040708StackRoom-aHMIbHMId2007-07-19g250.00l2o291.22 VINp018302r2018-09-12s2018-09-10v250.00w2005-05-24yBK c10574d10574